Jeux-vidéos de la licence Total War - Statistiques

Statistiques générales
  • Ce quiz a été pris 125 fois
  • Le résultat moyen est 12 sur 16
Statistiques - réponses
Jeux % Correct
Rome
97%
Rome II
94%
Warhammer
94%
Napoleon
92%
Shogun
86%
Medieval
83%
Warhammer II
83%
Warhammer III
81%
Medieval II
80%
Empire
78%
Shogun II
78%
Attila
69%
Troy
60%
Three Kingdoms
56%
Thrones of Britannia
30%
Fall of the samuraï
11%
Aucun quiz correspondant
Distribution des résultats
% des personnes avec chaque résultat
Percentile par nombre de réponses
Votre historique - résultats
Vous n’avez pas pris ce quiz